Memoria (Record no. 46892)

MARC details
000 -LEADER
campo de control de longitud fija 01037nam a2200229 i 4500
001 - NÚMERO DE CONTROL
campo de control 46892
003 - IDENTIFICADOR DE NÚMERO DE CONTROL
campo de control ES-MaACL
005 - FECHA Y HORA DE LA ÚLTIMA TRANSACCIÓN
campo de control 20250403165227.0
007 - CAMPO FIJO DE DESCRIPCIÓN FÍSICA--INFORMACIÓN GENERAL
campo de control de longitud fija t|
008 - DATOS DE LONGITUD FIJA--INFORMACIÓN GENERAL
campo de control de longitud fija 030402s1951 sp ||||1| spa d
110 2# - ENTRADA PRINCIPAL--NOMBRE DE ENTIDAD CORPORATIVA
Nombre de entidad corporativa o nombre de jurisdicción como elemento de entrada Consejo Superior de Investigaciones Científicas (España)
9 (RLIN) 3236
245 10 - MENCIÓN DEL TÍTULO
Título Memoria
Resto del título : 1949.
260 ## - PUBLICACIÓN, DISTRIBUCIÓN, ETC.
Lugar de publicación, distribución, etc. Madrid :
Nombre del editor, distribuidor, etc. [s.n.,
Fecha de publicación, distribución, etc. 1951] (
Fabricante Imp. Silverio Aguirre)
300 ## - DESCRIPCIÓN FÍSICA
Extensión 600 p., 1 lám. ;
Dimensiones 24 cm.
610 24 - PUNTO DE ACCESO ADICIONAL DE MATERIA--NOMBRE DE ENTIDAD CORPORATIVA
Nombre de entidad corporativa o nombre de jurisdicción como elemento de entrada Consejo Superior de Investigaciones Científicas (España)-
Subdivisión de forma Memorias.
9 (RLIN) 170447
852 ## - LOCALIZACIÓN
Ubicación ES-MaACL
Número de control de estantería D-6506
Sublocalización o colección R.31211
-- R.M. 6097
itemnumber 48643
Nota libre En cubierta: "16. JUN. 1951"
-- En cubierta: "Precio del ejemplar ptas. 50´00"
Ubicación en estantería Sala Valle Inclán
Marcas de propiedad Sello en tinta azul de la Biblioteca del Ateneo de Madrid
Anotaciones manuscritas Anotación manuscrita en cubierta: "1"
856 ## - LOCALIZACIÓN Y ACCESO ELECTRÓNICOS
Identificador Uniforme de Recursos <a href="https://digital.csic.es/handle/10261/41927">https://digital.csic.es/handle/10261/41927</a>
Texto de enlace Digital.CSIC
942 ## - ELEMENTOS DE ENTRADA SECUNDARIOS (KOHA)
Fuente del sistema de clasificación o colocación Clasificación decimal universal
Tipo de ítem Koha Libro impreso
Holdings
Estatus retirado Estado de pérdida Fuente del sistema de clasificación o colocación Estado de daño No para préstamo Biblioteca de origen Biblioteca actual Ubicación en estantería Fecha de adquisición Total de préstamos Signatura topográfica completa Código de barras Visto por última vez Precio de reemplazo Tipo de ítem Koha
    Clasificación decimal universal     Biblioteca del Ateneo de Madrid Biblioteca del Ateneo de Madrid Sala Valle Inclán 17/01/2008   D-6506 901049317 23/02/2023 23/02/2023 Libro impreso